00714nam a2200241 a 4500001001300000003000900013005001700022008004100039020000900080082002100089100002700110245004700137260003300184300000900217500003500226505001300261650001900274700002700293902000800320942000700328952012000335999001700455nice12345678IN_TiNIC20260116013345.0050524s1992 dela grp 000 0 eng  ac7500a305.480297bSID1 aSiddiq, Muhammad Iqbal aIslam Forbids Free Mixing of Men and Women aDelhibAdam Publishersc1992 a164p aincludes index and biblioraphy2 aglossary aWomen in Islam1 aSiddiq, Muhammad Iqbal bSRS cBK 001040708StackRoom-aHMIbHMId2007-03-26g75.00l0o305.480297 SID1p017991r2007-03-26v75.00w2005-05-24yBK c10690d10690